Biochemical studies of natural gum efficiency on chronic kidney failure and liver cirrhosis / (رقم التسجيلة. 179488)

تفاصيل مارك
000 -LEADER
fixed length control field 05666namaa22004451i 4500
003 - CONTROL NUMBER IDENTIFIER
control field EG-GICUC
005 - أخر تعامل مع التسجيلة
control field 20260414154430.0
008 - FIXED-LENGTH DATA ELEMENTS--GENERAL INFORMATION
fixed length control field 260414s2025 ua a|||frm||| 000 0 eng d
040 ## - CATALOGING SOURCE
Original cataloguing agency EG-GICUC
Language of cataloging eng
Transcribing agency EG-GICUC
Modifying agency EG-GICUC
Description conventions rda
041 0# - LANGUAGE CODE
Language code of text/sound track or separate title eng
Language code of summary or abstract eng
-- ara
049 ## - Acquisition Source
Acquisition Source Deposit
082 04 - DEWEY DECIMAL CLASSIFICATION NUMBER
Classification number 668.4
092 ## - LOCALLY ASSIGNED DEWEY CALL NUMBER (OCLC)
Classification number 668.4
Edition number 21
097 ## - Degree
Degree M.Sc
099 ## - LOCAL FREE-TEXT CALL NUMBER (OCLC)
Local Call Number Cai01.07.04.M.Sc.2025.Ma.B
100 0# - MAIN ENTRY--PERSONAL NAME
Authority record control number or standard number Manal Mohamed Lotfy Ibrahim,
Preparation preparation.
245 10 - TITLE STATEMENT
Title Biochemical studies of natural gum efficiency on chronic kidney failure and liver cirrhosis /
Statement of responsibility, etc. by Manal Mohamed Lotfy Ibrahim ; Supervisors Dr. Hanaa Fawzy Mohamed Ali, Dr. Yasmin Emam Abdel-Mobdy, Dr. Hassan Mohamed Salem.
246 15 - VARYING FORM OF TITLE
Title proper/short title دراسات كيميائية حيوية عن فعالية الصمغ الطبيعي على الفشل الكلوي وتليف الكبد
264 #0 - PRODUCTION, PUBLICATION, DISTRIBUTION, MANUFACTURE, AND COPYRIGHT NOTICE
Date of production, publication, distribution, manufacture, or copyright notice 2025.
300 ## - PHYSICAL DESCRIPTION
Extent 196 pages :
Other physical details illustrations ;
Dimensions 25 cm. +
Accompanying material CD.
336 ## - CONTENT TYPE
Content type term text
Source rda content
337 ## - MEDIA TYPE
Media type term Unmediated
Source rdamedia
338 ## - CARRIER TYPE
Carrier type term volume
Source rdacarrier
502 ## - DISSERTATION NOTE
Dissertation note Thesis (M.Sc)-Cairo University, 2025.
504 ## - BIBLIOGRAPHY, ETC. NOTE
Bibliography, etc. note Bibliography: pages 154-196.
520 #3 - SUMMARY, ETC.
Summary, etc. Several diseases are known to involve inflammation, oxidative stress (OS), and apoptosis such as chronic kidney disease (CKD) and hepatic disease. Oxidative stress is an important factor of atherosclerosis and cardiovascular complications which are major causes of mortality among the end–stage renal disease (ESR). The aim of this study is to investigate the effect of Gum Arabic (GA) against the renal damage and hepatotoxicity in rats induced by Chloropyrifos-methyl (CPM). GA has strong antioxidant, anti-inflammatory, and anti-apoptotic effect on kidney and liver functions. Rats were treated with CPM to induce renal and hepatic damage. Present study used two model of GA administration the original oral model in drinking water (15% W/V), and oral gavage model at dose (1g/kg b.wt). At the end of the experiment (8 weeks), parameters of kidney, and liver functions and oxidative stress were measured in plasma, renal and hepatic homogenates. Histopathological examination was done using H&E stain on liver and kidney tissues to investigate the efficacy of GA on the damaged tissues. GA was found to significantly abate CPM toxic effects. GA reduced renal morphological damage and histopathological markers of inflammation, fibrosis and apoptosis. It also lowered oxidative stress in renal and hepatic homogenates. In conclusion GA has strong antioxident, antiinflamatory and function ameliorated nephro and hepato damage caused by CPM.
520 #3 - SUMMARY, ETC.
Summary, etc. من المعروف أن العديد من الأمراض تتضمن الالتهاب والإجهاد التأكسدي وموت الخلايا المبرمج مثل مرض الكلى المزمن ومرض الكبد. الإجهاد التأكسدي هو عامل مهم في تصلب الشرايين والمضاعفات القلبية الوعائية التي تعد من الأسباب الرئيسية للوفاة بين مرضى الفشل الكلوي في المرحلة النهائية. الهدف من هذه الدراسة هو دراسة تأثير الصمغ العربي ضد تلف الكلى والسمية الكبدية في الجرذان التي يسببها الكلوروبيريفوس ميثيل. يتمتع الصمغ العربي بتأثير قوي مضاد للأكسدة ومضاد للالتهابات ومضاد لموت الخلايا المبرمج على وظائف الكلى والكبد. عوملت الجرذان بالكلوروبيريفوس ميثيل لتحفيز تلف الكلى والكبد. استخدمت الدراسة الحالية نموذجين لإستخدام الصمغ العربي النموذج الفموي الأصلي في مياه الشرب (15٪ وزن / حجم) ونموذج التغذية الأنبوبية الفموية بجرعة (1 جم / كجم وزن الجسم). في نهاية التجربة ( 8 أسابيع) تم قياس مؤشرات وظائف الكلى والكبد والإجهاد التأكسدي في بلازما الدم بعد تجانسها. تم إجراء الفحص النسيجي باستخدام صبغة H&E على أنسجة الكبد والكلى للتحقيق في فعالية GA على الأنسجة التالفة. وجد أن GA يخفف بشكل كبير من التأثيرات السامة لـ CPM. كما قلل GA من الضرر المورفولوجي الكلوي والعلامات النسيجية للالتهاب والتليف والموت الخلوي المبرمج. كما خفض الإجهاد التأكسدي في متجانسات الكلى والكبد. في الختام، يتمتع GA بمضاد أكسدة قوي ومضاد للالتهابات لتخفيف تلف الكلى والكبد الناجم عن CPM.
530 ## - ADDITIONAL PHYSICAL FORM AVAILABLE NOTE
Issues CD Issues also as CD.
546 ## - LANGUAGE NOTE
Text Language Text in English and abstract in Arabic & English.
650 #0 - SUBJECT ADDED ENTRY--TOPICAL TERM
Topical term or geographic name entry element Natural Gum
650 #0 - SUBJECT ADDED ENTRY--TOPICAL TERM
Topical term or geographic name entry element الصمغ الطبيعي
653 #1 - INDEX TERM--UNCONTROLLED
Uncontrolled term Gum Arabic
-- Oxidative Stress
-- Antioxidant
-- Anti-inflammatory
-- Kidney
-- Liver
-- الصمغ العربي
-- الأكسدة
700 0# - ADDED ENTRY--PERSONAL NAME
Personal name Hanaa Fawzy Mohamed Ali
Relator term thesis advisor.
700 0# - ADDED ENTRY--PERSONAL NAME
Personal name Yasmin Emam Abdel-Mobdy
Relator term thesis advisor.
700 0# - ADDED ENTRY--PERSONAL NAME
Personal name Hassan Mohamed Salem
Relator term thesis advisor.
900 ## - Thesis Information
Grant date 01-01-2025
Supervisory body Hanaa Fawzy Mohamed Ali
-- Yasmin Emam Abdel-Mobdy
-- Hassan Mohamed Salem
Discussion body Salah Moustafa Mahmoud Saad
-- Sherief Helmy Ahmed
Universities Cairo University
Faculties Faculty of Agriculture
Department Department of Agricultural Biochemistry
905 ## - Cataloger and Reviser Names
Cataloger Name Shimaa
942 ## - ADDED ENTRY ELEMENTS (KOHA)
Source of classification or shelving scheme Dewey Decimal Classification
Koha item type Thesis
Edition 21
Suppress in OPAC No
المقتنيات
Source of classification or shelving scheme Home library Current library Date acquired Inventory number Full call number Barcode Date last seen Effective from Koha item type
Dewey Decimal Classification المكتبة المركزبة الجديدة - جامعة القاهرة قاعة الرسائل الجامعية - الدور الاول 14.04.2026 93778 Cai01.07.04.M.Sc.2025.Ma.B 01010110093778000 14.04.2026 14.04.2026 Thesis
Cairo University Libraries Portal Implemented & Customized by: Eng. M. Mohamady Contacts: new-lib@cl.cu.edu.eg | cnul@cl.cu.edu.eg
CUCL logo CNUL logo
© All rights reserved — Cairo University Libraries
CUCL logo
Implemented & Customized by: Eng. M. Mohamady Contact: new-lib@cl.cu.edu.eg © All rights reserved — New Central Library
CNUL logo
Implemented & Customized by: Eng. M. Mohamady Contact: cnul@cl.cu.edu.eg © All rights reserved — Cairo National University Library